000 00496nam a2200181 a 4500
005 20140311163003.0
008 970101s19uu xx 00 eng d
050 _aHF 5548.4
_b.Q2 1991
245 _aQuattro Pro :
_bspreadsheet. /
250 _aSpecial edition
260 _aCalif :
_bBorland int'l,
_c1991.
300 _a551 p. :
_bill. ;
_c23 cm .
521 _aIT
650 _aBusiness
_xSoftware
650 _aelectronic spreadsheets
_xSoftware
942 _cBK
_2lcc
_kFOR
999 _c39242
_d39242